00796nam a2200253 a 4500001001300000003000900013005001700022008004100039020001000080082001600090100001600106245002500122260003100147300000800178500003500186505001400221650002300235700001600258902000800274942000700282952011900289952011900408999001500527nice12345678IN_TiNIC20260116011540.0050524s1928 laha grp 000 0 urd  ac10000a232.96bMIN aMinnat, K H aDikr-E-Maslub, Poems aLahorebAnwar Manzilc1928 a50p aincludes index and biblioraphy2 areference aJesus Christ-Death1 aMinnat, K H bSRS cBK 00104070aHMIbHMId2016-03-22eKohinoor publicationsg100.00l0o232.96 MINp4826r0000-00-00w2026-01-16yARB 00104070aHMIbHMId2016-03-22eKohinoor publictions g100.00l0o232.96 MINp5193r0000-00-00w2026-01-16yARB c2538d2538